000 00744nam a22002177a 4500
005 20240530110913.0
008 220209s2005 ua a b 000 0 ara d
017 _bمصر. دار الكتب
040 _aEG-CaGPL
_cEG-CaGPL
082 0 4 _221
_a485\
_bا ق
100 0 _aابراهيم السايح
245 2 0 _aالقواعد الاساسية للغة اليونانية وطرق الترجمة /
_cابراهيم السايح
250 _aط.1
260 _aالاسكندرية :
_bالمكتب الجامعى الحديث ،
_c2005
300 _a295 ص؛
_c24 سم
650 0 7 _2qrmak
_aاللغة اليونانية
650 0 7 _2qrmak
651 _2qrmak
942 _2ddc
_cBK
999 _c66347
_d66347